| 000 | 00986nam a2200253 a 4500 | ||
|---|---|---|---|
| 001 | 000046613 | ||
| 005 | 20240402134029.0 | ||
| 008 | 090715s2015 dr 001 0 spa d | ||
| 020 | _a9789945893793 | ||
| 040 |
_aDO-SdBNP _bspa _cBNPHU |
||
| 082 |
_axxx _bR426c |
||
| 110 | 1 |
_aRepública Dominicana _9447 |
|
| 240 | 1 | 0 | _aCódigo procesal |
| 245 | 1 | 0 |
_aLey 76-2 : _bCódigo procesal penal de la República Dominicana :(Mod. por la leyes 278-04, 424-06 y 176-07, 10-15) / _ccompiladores Trajano Vidal Potentini, Salvador Potentini. |
| 246 | 1 | 3 | _aCódigo procesal penal de la República Dominicana |
| 260 |
_aSanto Domingo : _bDalis, _c2015. |
||
| 300 |
_a168 p. ; _c23 cm. |
||
| 500 | _aÍdice de materias | ||
| 500 | _aCon más de 100 artículos modificados | ||
| 500 | _aPreparado con anotaciones para estudios comparativo | ||
| 500 | _aEdición 35 aniversario 2015 | ||
| 700 | 1 | 2 |
_aPotentini Adames, Trajano Vidal _ecomp. _973577 |
| 700 | 1 | 2 |
_aPotentini, Salvador _ecomp. _967426 |
| 999 |
_c46102 _d46102 |
||